Izquierda y progresismo: 10 tesis sobre un divorcio /

Gorde:
Xehetasun bibliografikoak
Egile nagusia: Gudynas, Eduardo
Formatua: Texto
Etiketak: Etiketa erantsi
Etiketarik gabe, Izan zaitez lehena erregistro honi etiketa jartzen!

MARC

LEADER 00000 a a2200000 04500
001 46404
003
040
100 |a Gudynas, Eduardo  
245 |a Izquierda y progresismo:   |b 10 tesis sobre un divorcio /  |c Eduardo Gudynas  
773 |g volumen33, número384 (2014), páginas 43-46  
999 |c 25497  |d 25497